[Event "Bermuda"]
[Site "Bermuda"]
[Date "2005.02.07"]
[Round "8"]
[White "Gelfand, Boris"]
[Black "Harikrishna, Pentala"]
[Result "1-0"]
[WhiteElo "2696"]
[BlackElo "2632"]
[Annotator "Gelfand,B"]
[PlyCount "75"]
[EventDate "2005.01.30"]
[EventType "tourn"]
[EventRounds "10"]
[EventCountry "BER"]
[EventCategory "17"]
[SourceTitle "CBM 106"]
[Source "ChessBase"]
[SourceDate "2005.06.06"]
[SourceVersion "1"]
[SourceVersionDate "2005.06.06"]
[SourceQuality "1"]

1. d4 Nf6 2. Nf3 e6 3. c4 d5 4. g3 Be7 5. Bg2 O-O 6. O-O dxc4 7. Qc2 a6 8. Qxc4
b5 9. Qc2 Bb7 10. Bd2 Ra7 11. Rc1 (11. Rd1 Qc8 12. Bg5 Nbd7 13. Nbd2 c5 14.
Rac1 c4 15. e4 h6 16. Bxf6 Nxf6 17. Re1 Ba8 18. Qc3 Rc7 $17 {Marin,M-Gelfand,B/
2nd Internet EUR-ch  blitz 2004}) 11... Be4 12. Qb3 (12. Qd1 Bxf3 13. Bxf3 Qxd4
14. Be3 Qxd1+ 15. Rxd1 c5 16. a4 bxa4 17. Rxa4 Nbd7 18. Na3 Rb8 19. Nc4 h6 $44
{Nielsen,P-Short,N /2nd Internet EUR-ch ,blitz 2004}) 12... Nbd7 (12... Bd5 13.
Qe3 Nc6 $2 14. Rxc6 $1 Bxc6 15. d5 Nxd5 16. Qxa7 Nb6 17. Qxa6 Bf6 18. a4 $18 {
Nielsen,P-Landa,K/BL 0405 2004}) 13. Ba5 (13. Bb4 Bd5 14. Qa3 $2 (14. Bxe7 $142
Qxe7 15. Qe3 Rc8 16. Nc3 c5 $11) 14... c5 $1 15. Bxc5 (15. dxc5 a5) 15... Nxc5
16. dxc5 Ne4 $15 {Gelfand,B-Anand,V/Calvia, 2004}) 13... Qb8 14. Qe3 $1 (14.
Nbd2 Ba8 15. Bb4 c5 16. Bxc5 Nxc5 17. dxc5 Rc8 18. Qa3 Rac7 $1 19. b4 a5 $1 20.
Qxa5 Ra7 21. Qb6 Rb7 22. Qa5 Ra7 {1/2-1/2 Gelfand,B-Vescovi,G/Bermuda BER 2005
(22)}) 14... b4 $146 (14... Ba8 15. b4 Bd6 16. Nbd2 Nb6 17. Rc2 Bd5 18. Rac1
Qb7 19. Ne1 Bxg2 20. Nxg2 Nfd5 21. Qb3 f5 22. f3 {Johannessen,L-Vaganian,R/BL
0405 2005}) 15. Nbd2 (15. a3 $6 bxa3 16. Nxa3 (16. bxa3 c5 17. Nbd2 cxd4 18.
Qxd4 $5) 16... Qxb2 17. Nc4 (17. d5 Bc5) 17... Qb7 18. Ncd2 Bd5 19. Rxc7 Qa8
$11) 15... Ba8 (15... Bd5 16. Rc2 (16. Nb3 $5 Bd6 17. Rc2 Qb5 18. Nfd2 Ng4 19.
Qd3 Qxd3 20. exd3 $14) 16... Rc8 (16... c5 17. dxc5 Qb5 18. Bb6) 17. Rac1 $14)
16. Nb3 Rc8 $6 (16... Nd5 17. Qd2 $1 (17. Qd3 Qb5 18. Nfd2 $1 (18. Ne1 c5 19.
dxc5 Nxc5 20. Qxb5 (20. Nxc5 Qxa5) 20... axb5 21. Nxc5 Rxa5 22. Ned3 Rc8 $11
23. Nb3 $140 Rxc1+ 24. Rxc1 Rxa2 25. Rc8+ Bf8 26. Ne5 Ra7 27. Nc5 Nb6) 18...
Qxd3 19. exd3 $14) 17... Qb5 18. e4 (18. Ne5 Nxe5 19. dxe5 c5 20. e4 Nb6 21.
Bf1 c4) 18... N5f6 19. d5 $1 exd5 (19... Nxe4 20. Qe3 Nec5 21. Bf1 Qb8 22. Nxc5
Bxc5 23. Rxc5 Nxc5 24. Qxc5) 20. Nfd4 Qb8 21. exd5 $16) (16... Qb5 $2 17. d5)
17. Rc2 $1 Be4 (17... Bd6 18. Rac1 Be4 19. Ne5) 18. Ne5 $1 Bxg2 (18... Bxc2 19.
Nc6) (18... Nxe5 19. Bxe4) 19. Nxd7 (19. Kxg2 Nxe5 20. Qxe5 (20. dxe5 Nd7)
20... Qb7+ $132) 19... Nxd7 (19... Qb7 20. Nxf6+ Bxf6 21. f3 Bh3 22. Rac1 $18)
20. Kxg2 Qb5 21. Rac1 $16 c6 $1 (21... Bg5 22. f4 Be7 23. Qf3 $16) 22. Qf3 Nb8
(22... c5 $2 23. dxc5 Bxc5 (23... Nxc5 24. a4 bxa3 25. bxa3) 24. Qd3 $18) 23.
Rc4 (23. e4 $5 Re8 (23... c5 24. dxc5 Nc6 25. Bb6) (23... Rd7 24. Qe2) (23...
Rb7 24. Nc5) (23... Bg5 24. Re1 Nd7 25. Qe2 $16) 24. Qe2 Bf8 25. f4 $16) (23.
e3 $5 Bf8 (23... Re8 24. Qf4 $5 (24. Qe2 Bf8 25. Qxb5 axb5 26. Bb6 $6 Rxa2 27.
Bc5 Nd7 $11) 24... Rc8 (24... Rd7 25. Bc7 $16) 25. h4 Bf8 26. e4 $36) 24. Qe2
Re8 $14) 23... Rd7 $2 (23... Re8 $1 24. e3 Bf8 (24... Bd6 25. Qd1 Rd7 26. Qe1)
25. Qd1 (25. Qf4 Rd7 26. Bc7 $2 g5 $1 27. Qe5 f6) (25. Rxc6 Nxc6 26. Rxc6 (26.
Qxc6 Raa8) 26... Qa4) 25... e5 26. dxe5 (26. Qd2 exd4 27. Qxd4 (27. exd4 Qd5+
28. Kg1 Rae7) (27. Rxd4 c5 28. Rd5 Rd7) 27... c5 (27... Rd7 28. Qb6) 28. Rxc5
Bxc5 29. Rxc5 Qa4 (29... Qb7+ 30. Kg1 Nc6 31. Rxc6) 30. Qxb4 Qxb4 31. Bxb4 Nd7
$11) 26... c5 27. Qd5 $16) 24. e3 h6 (24... Re8 $5 25. Qe2 e5 (25... c5 26.
dxc5 Nc6 27. Bb6 Ne5 28. Nd4) (25... Bf8 26. Qe1 e5 27. Bxb4 $16) 26. dxe5 c5 (
26... Bf8 27. Qg4 Qxe5 28. Bxb4 $16) 27. Qg4 $1 Ra7 28. e6 Bd6 29. Rd1 ({Or} 
29. Re4 f6 (29... Rf8 30. Qf5 Nc6 31. Rd1 g6 32. Qd5) 30. Rd1) 29... Bf8 (29...
f5 30. Qxf5 Qxc4 31. Rxd6) (29... h5 30. Qh4 (30. Qxh5 Qxc4 31. Rxd6 Qe4+)
30... Rxe6 31. Rxd6 Rxd6 32. Rxc5 Qb7+ 33. e4 $16)) 25. Qe2 Re8 26. Qe1 Qa4 $6
(26... c5 27. dxc5 Nc6 28. Bxb4 Ne5 29. Nd4 Qb8 30. c6) (26... Rb7 27. Qd2 {
/\Nc5}) 27. Bxb4 Qxa2 28. Qc3 $18 Bxb4 29. Rxb4 c5 (29... a5 30. Rb6 a4 31. Ra1
axb3 32. Rxa2 bxa2 33. Qa3 e5 34. dxe5 Rd2 35. Qxa2 Nd7 36. Rxc6 Nxe5 37. Rc7
$18) 30. dxc5 a5 (30... Nc6 31. Ra1 Nxb4 32. Rxa2 Nxa2 33. Qa5) 31. Nxa5 (31.
Rb6 Qa4 32. c6) 31... Qd5+ (31... Qxa5 32. Rxb8) 32. e4 Qa8 33. c6 Rc7 34. Rc4
Na6 35. b4 Qb8 36. Nb7 Rxc6 37. Rxc6 Qxb7 38. Rc8 1-0

[Event "WchT 6th"]
[Site "Beersheba"]
[Date "2005.11.10"]
[Round "9.1"]
[White "Gelfand, Boris"]
[Black "Onischuk, Alexander"]
[Result "1/2-1/2"]
[WhiteElo "2717"]
[BlackElo "2640"]
[Annotator "Gelfand,B"]
[PlyCount "61"]
[EventDate "2005.11.01"]
[EventType "team-tourn"]
[EventRounds "9"]
[EventCountry "ISR"]
[SourceTitle "CBM 110"]
[Source "ChessBase"]
[SourceDate "2006.01.31"]
[SourceVersion "1"]
[SourceVersionDate "2006.01.31"]
[SourceQuality "1"]
[WhiteTeam "Israel"]
[BlackTeam "US of America"]
[WhiteTeamCountry "ISR"]
[BlackTeamCountry "USA"]

1. d4 Nf6 2. c4 e6 3. g3 d5 4. Bg2 Be7 5. Nf3 O-O 6. O-O dxc4 7. Qc2 a6 8. Qxc4
b5 9. Qc2 Bb7 10. Bd2 Be4 11. Qc1 Qc8 12. Bg5 Nbd7 13. Nbd2 Bb7 14. Nb3 c5 15.
Bxf6 Bxf6 $5 $146 16. Nxc5 Nxc5 17. dxc5 Be7 18. b4 (18. Qf4 $5 Qxc5 19. Rac1
Qd6 (19... Qb4 20. Qxb4 (20. Rc7 Qxf4 21. gxf4 Bxf3 22. Bxf3 Bd6 $11) 20...
Bxb4 21. Ne5 Bxg2 22. Kxg2 Rfc8 23. Nc6 Bf8 24. Rc3 Rc7 25. Rfc1 $14) 20. Qxd6
Bxd6 21. Rfd1 Rfd8 $11) 18... Bf6 (18... a5 19. a3) 19. Rb1 Be4 (19... a5 20.
a4 $5) 20. Rb3 $1 (20. Nd2 Bxb1 21. Bxa8 Bxa2 22. Bg2 Rd8 (22... Bd5 23. Bxd5
exd5 24. e3 Qg4 $132) 23. Qc2 Bd5 $11) 20... a5 (20... Bd5 21. Ra3 a5 22. Rxa5
Rxa5 23. bxa5 Qc7 24. Nd2 Bxg2 25. Kxg2 Qxa5 26. Qc2 Ra8 27. Rc1 $16) 21. a3 (
21. bxa5 Rxa5 22. Ra3 Qa8 23. Rxa5 Qxa5 $11) 21... Bd5 22. Nd2 (22. Rd3 axb4
23. axb4 Ra4 24. Qd2 Ra2 25. Qe3 Rb2 $44) 22... Bxb3 (22... Bxg2 23. Kxg2 axb4
24. axb4 Qc6+ 25. Kg1 (25. f3 Ra2 26. Rd3 Rb2) (25. Nf3 e5) 25... Ra2 26. Rd1
Rfa8 27. Rd3 $14) 23. Bxa8 Qxa8 24. Nxb3 axb4 25. axb4 Qa4 26. Qe3 $1 Qxb4 27.
Rc1 Rc8 $6 (27... Bd8 28. Qd3 $14 (28. c6 Bc7 29. Qa7 Qd6)) 28. c6 g6 29. Qb6
$2 (29. Qd3 Rd8 30. c7 (30. Qf3 Be5) 30... Rxd3 31. exd3 Qxb3 32. c8=Q+ Kg7 $44
) (29. Qa7 $1 Qxb3 (29... Qe4 30. Qb7) (29... Be5 30. Nc5 Qd2 31. Nd3 Qxe2 32.
Qd7 $1) 30. Qb7 Rf8 31. c7 Kg7 32. c8=Q Rxc8 33. Rxc8 $16) 29... Be5 (29...
Qxb3 30. Qb7 Rf8 31. c7 $16) 30. Nc5 (30. Na5 Qb2) 30... Qd2 $1 31. Nd3 (31.
Nd3 Qxe2 32. Nxe5 (32. Qxb5 Bd6 $11) 32... Qxe5 33. c7 Qd5 34. Rc6 Qd1+ 35. Kg2
Qd5+ $11) 1/2-1/2

[Event "Amsterdam NH Hotels 5th"]
[Site "Amsterdam"]
[Date "2010.08.22"]
[Round "10"]
[White "Nielsen, Peter Heine"]
[Black "Giri, Anish"]
[Result "1-0"]
[WhiteElo "2700"]
[BlackElo "2672"]
[Annotator "Giri,A"]
[PlyCount "113"]
[EventDate "2010.08.12"]
[EventType "schev"]
[EventRounds "10"]
[EventCountry "NED"]
[SourceTitle "CBM 138"]
[Source "ChessBase"]
[SourceDate "2010.09.17"]
[SourceVersion "1"]
[SourceVersionDate "2010.09.17"]
[SourceQuality "1"]

{In this game I had to make a draw to more or less secure my first place in
the NH tournament and thus get a ticket to Amber. However the previous round
was a very painful one for me. I let Loek van Wely escape in a completely,
totally winning position, and that wasn't especially helping me for this game.
Nevertheless I played reasonably and it was only a horrible blunder when all
the troubles seemed to be over, that spoiled my game and the tournament as
well.} 1. d4 Nf6 2. c4 e6 3. Nf3 d5 4. g3 {I didn't mind the Catalan and was
very curious about what my opponent would show me in the main-line.} Be7 5. Bg2
O-O 6. O-O dxc4 7. Qc2 a6 8. a4 {Lately this move has become very popular.
Perhaps due to the fact that White constantly fails to find any advantage in
the main line.} (8. Qxc4 {is the main-line, with the tabia starting after} b5
9. Qc2 Bb7 10. Bd2) 8... Bd7 9. Qxc4 Bc6 10. Bg5 {Exactly the same line
Gelfand played against me. I wasn't worried, since I had spent quite a lot of
time on this line as well.} (10. Bf4 {is another try.}) (10. Nc3 {seems to be
the most logical move, but it's considered to be imprecise in view of} b5 $1)
10... h6 {The modern idea. Black just wants to exchange everything and get a
rock solid position.} (10... Bd5 {Followed by ...c5 at some point is the old
main-line.}) 11. Bxf6 Bxf6 12. Nc3 Bxf3 $1 {It's considered to be good to give
away the poor bishop. However it makes sense, since after e4, the bishop on c6
will become poor anyway.} 13. Bxf3 c6 14. Qb3 {And yet, my opponent is
repeating the choice of Boris.} (14. Rfd1 {is one of the other tries. Recently
Carlsen tried it against Ponomariov, with the idea of playing e4 e5 quickly
and giving a mate. Ponomariov however guessed his opponent's intention and
managed to equalise.}) 14... Ra7 $5 {I was thinking that my opponent had some
idea in mind, but nevertheless I decided to be dumb and follow my game against
Gelfand. However it was not so clever, since I knew that I have a lot of other
ways to meet this harmless idea.} (14... Qc7 15. Rfd1 Rd8 16. Ne4 $1 Be7 17. a5
Nd7 18. e3 Rab8 19. Nd2 Nf6 20. Nc4 Ne8 $1 21. Nb6 Nd6 22. Rac1 Nb5 $1 23. Be2
Qd6 24. Qa2 Bf6 25. Bc4 Qb4 26. Bb3 Nd6 27. Kg2 Kh8 28. Bc2 Nc8 29. Nc4 Nd6 {
led to total equality in Aronian-Wang Hao played a couple of weeks after my
game versus Nielsen. Sadly enough I already knew this nice equalising
manoeuvre before my game against Nielsen, Nf6-e8-d6-b5, but as I said I was
just to curious about my opponent's intention.}) 15. Ne4 $1 {Here I was so
much blaming myself for being too naive that I decided to stay principled.}
Bxd4 ({I could and maybe should have stayed solid -} 15... Be7 {but I thought
it wasn't a good combination with Ra7.}) 16. Rfd1 Qb6 17. Qd3 c5 $2 {I didn't
see this move when I took on d4, but when I saw it, I got very enthusiastic
about it. It seems that after ...Nc6 I solve all my problems, but when I got
deeper into the position I realised that it was here where I messed it up for
the first time.} (17... Be5 $1 {would probably lead to a fine position, but it
was actually pretty hard to see the following sequence in advance.} 18. a5 Qb4
$1 (18... Qc7 $6 19. Qe3 Ra8 20. Nc5 {and it's hard to develop anything for
Black.}) 19. Qe3 b6 $1 (19... Ra8 20. Ra3 $1 $16) 20. axb6 Rd7 21. Qc5 Qb3 $1 {
and Black seems to be holding, though still a few precise moves are required.}
22. Rxd7 Nxd7 23. Qxc6 Nb8 $1 24. Qb7 (24. Qc5 Nd7 $11) 24... Bd4 $11) 18. e3
Be5 19. Rac1 Nc6 20. Nxc5 {Here I already realised fully how bad it all is and
it took me a lot of time to actually find the way to at least not to collapse
without any fight.} Rd8 $1 21. Nd7 {Maybe not the best objectively, but
reasonably tricky.} (21. Qc4 {was worrying me more behind the board.} {I was
intending -} Rxd1+ $6 (21... Bxb2 $1 {was the only way to survive -} 22. Rxd8+
(22. Rb1 Ne5 $1 $11) 22... Qxd8 23. Rd1 Qc8 24. Nd7 Ba3 25. Nb6 (25. Ne5 Bb2 $1
26. Nxc6 bxc6 $11) 25... Qb8 {followed by a5 should be holding too, though
it's clear that Black is always on the range.}) 22. Rxd1 Na5 23. Qe4 $1 {
I saw this move, but underestimated that after} Bxb2 24. Qc2 Be5 25. Rd7 {
will be very strong and Black is under huge pressure.}) (21. Qc2 {was also
very tricky. Here too I failed to see all the nuances at the the board, though
I must say I was working pretty hard there...} Rxd1+ $1 (21... Qxb2 {was my
initial intention, but I underestimated -} 22. Rxd8+ Nxd8 23. Qd1 $1 Bf6 24.
Ne4 Ra8 25. Rb1 Qa3 26. Nxf6+ gxf6 27. Rc1 {and it's not the most pleasant
position, though Black may survive it.}) 22. Rxd1 Qxb2 23. Qxb2 Bxb2 24. Rb1
Ne5 {and again Black seems to have escaped!}) 21... Qxb2 $1 {Only move. Over
the board I was very proud of such a fearless one. I actually first thought
that I had just survived it all and it would be a draw soon.} (21... Qc7 $4 {
seems rather safe, but in fact loses instantly to} 22. b4 $1) 22. Qc4 $2 {
To be honest, while my opponent was thinking, I in fact realized that after
the very strong 22.Kg2! I might still be in trouble. I got pretty unhappy and
depressed again, especially because I had just 30 minutes for 18 moves, which
in such a position are just nothing. Strangely enough my opponent failed to
spot this move.} (22. Kg2 $1 {an easy move, if you ask your self what do I
want, and what does my opponent want.} Qa2 $1 {covering the key c4-square was
the saving move.} (22... Qb4 {was my initial intention, but then I realised
that I might end up in an unpleasant ending after Qc4. However White has an
even stronger move} 23. Qc2 $1 (23. Qe4 Qxe4 24. Bxe4 Bc7 25. Bxc6 bxc6 26.
Rxc6 {leads to a pleasant edge for White.}) 23... Bb2 24. Bxc6 $1 bxc6 25. Ne5
$1 Raa8 26. Rxd8+ Rxd8 27. Rb1 Rd2 28. Qxc6 Qc3 29. Qxc3 Bxc3 30. Rb8+ Kh7 31.
Nxf7 {and Black's chances to survive aren't that big.}) 23. Qe4 Bc7 24. Qh4 {
and White keeps an edge, but Black is still in the game.}) 22... b5 $2 {
The point was that after Qc4 I for a moment thought that I am in trouble.
However the way my opponent made a move and his expression at the moment
clearly showed me that there is some equaliser in the position! So I "found"
it, and impatiently played it. If I would have thought for half a minute more,
I would most probably find the right way. Great pity, but chess is chess!} (
22... Rxd7 {is not hard, but if you don't see the problem with ...b5 then why
would you try to find it?} 23. Rxd7 b5 24. Qxc6 Rxd7 {with dead equality.}) 23.
axb5 {My opponent played this move too quickly. I already felt something is
wrong, but I couldn't stop my hand from replying.} axb5 $2 {After I saw Qxd7!
I realized that it was actually here that I missed my last chance to save the
game and the tournament.} (23... Raxd7 $1 24. Rxd7 Rxd7 25. bxc6 Rd8 $1 {
and I actually think that after this important move Black is simply holding.}
26. Be4 (26. c7 $2 Rc8 {is the point}) 26... Bc7 {I don't see how White is
going to break the fortress after I set up something like Qe5, a5 and go with
rook to b8-d8, though of course he can try for a while.}) 24. Qxc6 Raxd7 25.
Qxd7 $1 {It's like in a famous game when Karpov blundered against Kasparov in
one of their games. Hopefully this blunder will not be the only thing in
common between me and the World Champion Anatoly Karpov.} Rxd7 26. Rc8+ Kh7 27.
Rxd7 {Now it's all over.} Kg6 (27... f5 {isn't helping since after} 28. Bh5 {
Black is in a mating net and the e6-pawn is too weak.}) 28. h4 Qa3 29. Kg2 Kf6
30. Rb7 Qd6 31. Ra8 b4 32. Raa7 Qf8 33. h5 Bd6 34. Rd7 Be5 35. Rab7 Qe8 36. Bd1
Bc3 37. Bb3 (37. f4 {wins on the spot, but Black is so hopeless that White can
do whatever he wants anyway.}) 37... Bd2 38. Kf1 Bc3 39. Ke2 Qg8 (39... g6 40.
hxg6 Kxg6 41. Kf1 {followed by Bd1 wins.}) 40. Bc2 Qe8 41. f4 {Finally White
decided to force the win.} g5 42. hxg6 fxg6 43. e4 g5 44. e5+ Bxe5 45. Rf7+ $1
Qxf7 46. fxe5+ Kg7 47. Rxf7+ Kxf7 {And the following moves were unnecessary.}
48. g4 Kg7 49. Kf3 Kf7 50. Bb3 Ke7 51. Ke4 Kf7 52. Bd1 Kg7 53. Kd4 Kg6 54. Kc4
h5 55. gxh5+ Kf5 56. h6 Kg6 57. Bg4 1-0

[Event "Interpolis-03"]
[Site "Tilburg"]
[Date "1979.11.13"]
[Round "9"]
[White "Romanishin, Oleg M"]
[Black "Huebner, Robert"]
[Result "1/2-1/2"]
[WhiteElo "2560"]
[BlackElo "2595"]
[Annotator "Gligoric,S"]
[PlyCount "54"]
[EventDate "1979.11.01"]
[EventType "tourn"]
[EventRounds "11"]
[EventCountry "NED"]
[EventCategory "15"]
[SourceTitle "MCL"]
[Source "ChessBase"]
[SourceDate "1999.07.01"]
[SourceVersion "1"]
[SourceVersionDate "1999.07.01"]
[SourceQuality "1"]

1. d4 d5 2. c4 e6 3. Nf3 Nf6 4. g3 Be7 5. Bg2 O-O 6. O-O dxc4 7. Qc2 a6 8. a4
$5 Bd7 9. Rd1 Bc6 10. Nc3 Bb4 11. Bg5 Bxc3 12. bxc3 Nbd7 13. Ne5 Bxg2 14. Kxg2
b5 $1 $44 15. Rab1 Qe8 16. axb5 axb5 17. Nxd7 (17. Rxb5 $2 Nxe5 18. Rxe5 Nd5
19. e4 f6 $17) 17... Qxd7 18. Bxf6 gxf6 19. Qe4 f5 20. Qh4 f6 21. e4 $13 fxe4
22. Qxe4 c6 23. Qg4+ Kh8 24. Re1 Rae8 25. Re3 Rf7 (25... c5 $1 26. dxc5 Qc6+
27. Kg1 e5 $17) 26. Rbe1 Rfe7 27. Qf4 Kg7 (27... Kg7 28. Qg4+ Kh8 29. Qf4 Kg7
$10) 1/2-1/2

[Event "Reykjavik op"]
[Site "Reykjavik"]
[Date "2016.03.11"]
[Round "4"]
[White "Gupta, Abhijeet"]
[Black "Petrov, Nikita"]
[Result "1-0"]
[WhiteElo "2634"]
[BlackElo "2463"]
[Annotator "Gupta,A"]
[PlyCount "51"]
[EventDate "2016.03.08"]
[EventType "swiss"]
[EventRounds "10"]
[EventCountry "ISL"]
[SourceTitle "CBM 172"]
[Source "ChessBase"]
[SourceDate "2016.05.12"]
[SourceVersion "1"]
[SourceVersionDate "2016.05.12"]
[SourceQuality "1"]

1. d4 Nf6 2. c4 e6 3. Nf3 d5 {This was already a surprise as usually my
opponent goes for Benko/Benoni.} 4. g3 Bb4+ 5. Nbd2 {I decided to stick with
my 'old love' here :)} dxc4 6. Bg2 O-O (6... c3 7. bxc3 Bxc3 8. Rb1 Nc6 9. O-O
O-O 10. e3 $44) 7. Qc2 c5 (7... Nc6 8. Qxc4 Qd5 9. O-O {this is also bit
better for White.}) 8. dxc5 Nc6 9. O-O Bxc5 (9... c3 10. Nb3 $1 {Even stronger
than bxc3} (10. bxc3 Bxc5 11. Nb3 {This is what happened in the game between
Giri-Adams}) 10... Qe7 11. bxc3 Bxc5 12. Nxc5 Qxc5 13. Rd1 $14) 10. Nxc4 Qe7 $6
(10... Bd7 11. Bf4 Nb4 12. Qb3 Bc6 13. Rac1 Rc8 14. Be3 Bxe3 15. Nxe3 Nbd5 16.
Nc4 {White is only marginally better here.}) 11. Nfe5 Nxe5 12. Nxe5 Qc7 $6 {
As they say mistakes comes in pairs; to be fair Black already had a pretty
depressing position.} (12... Nd5 13. a3 (13. Nd3 Bd6 14. a3 Bd7 (14... Nf6 15.
Bg5 h6 16. Bxf6 Qxf6 17. Rfd1 $14) 15. e4 Nb6 16. e5 Bb8 17. Be3 $14)) (12...
Rd8 13. Bd2 Nd5 14. Rac1 $16) 13. Be3 $1 {Protects the threat of ...Bxf2 and
pins the bishop on c5, simple yet pleasing to the eye.} Bb6 14. Qxc7 Bxc7 15.
Bd4 Rd8 16. Rac1 Ne8 17. Rfd1 f6 18. Nc4 {I decided to keep it simple.} (18.
Nc6 {This was !? but sadly doesn't really give an advantage:} bxc6 19. Bxc6 Ba6
(19... Bd7 20. Bxf6 Nxf6 21. Bxa8 Bxg3 $1 22. hxg3 Rxa8) 20. Bxe8 Rxe8 21. Rxc7
Red8 {Just draws on the spot.}) 18... Nd6 19. Ne3 Ne8 20. Nc4 {The repetition
was just show "who is the boss here?" :)} Nd6 (20... e5 21. Bc5 Be6 22. b3 {
There are simply too many pawns hanging for Black to defend.}) 21. Na3 {
By now I had already the final trick.} Bb8 22. Bc5 Nf7 23. Rxd8+ Nxd8 24. Be7
Nc6 (24... Be5 25. Nc4) 25. Rxc6 $1 {Again simple and elegant :)} bxc6 26. Bxc6
1-0